| 000 | 00677nam a2200205Ia 4500 | ||
|---|---|---|---|
| 003 | GCL | ||
| 008 | 140319s9999 xx 000 0 ara d | ||
| 040 |
_aGCL / _cGCL |
||
| 082 | 0 | 4 |
_a341.23 _bا و |
| 100 | 1 | _aاحمد حسن الرشيدى | |
| 245 | 1 | 0 |
_aالوظيفة الافتائية لمحكمة العدل الدولية / _cاحمد حسن الرشيدى |
| 260 |
_a[S.N] : _bالهيئة المصرية العامة للكتاب ، _c1993 |
||
| 300 | _a599 ص | ||
| 490 | _a | ||
| 650 | 0 | 4 | _aالقانون |
| 650 | 0 | 4 | _aالقانون الدولى |
| 650 | 0 | 4 | _aالامم المتحدة |
| 650 | 0 | 4 | _aمحكمة العدل الدولية |
| 942 |
_2ddc _cBK |
||
| 999 |
_c28727 _d28727 |
||